High-performance fiber-reinforced concrete in infrastructural repair and retrofit / (Record no. 1342)

000 -LEADER
fixed length control field 00477 a2200109 4500
082 ## - DEWEY DECIMAL CLASSIFICATION NUMBER
Classification number 624.18341 ACI
245 ## - TITLE STATEMENT
Title High-performance fiber-reinforced concrete in infrastructural repair and retrofit /
Statement of responsibility, etc. editors, Neven Krstulovic-Opara, Ziad Bayasi.
260 ## - PUBLICATION, DISTRIBUTION, ETC.
Place of publication, distribution, etc. Farmington Hills, Mich. :
Name of publisher, distributor, etc. American Concrete Institute,
Date of publication, distribution, etc. c2000.
300 ## - PHYSICAL DESCRIPTION
Extent vii, 251 p. :
Other physical details ill. ;
Dimensions 23 cm.
650 ## - SUBJECT ADDED ENTRY--TOPICAL TERM
Topical term or geographic name entry element Fiber-reinforced concrete
650 ## - SUBJECT ADDED ENTRY--TOPICAL TERM
Topical term or geographic name entry element Reinforced concrete construction
General subdivision Maintenance and repair
830 #0 - SERIES ADDED ENTRY--UNIFORM TITLE
Uniform title Publication SP ;
Holdings
Withdrawn status Lost status Damaged status Not for loan Permanent Location Current Location Shelving location Date acquired Total Checkouts Full call number Barcode Date last seen Price effective from Koha item type
        School of Civil and Environmental Engineering (SCEE) School of Civil and Environmental Engineering (SCEE)       624.18341 ACI NIT-843 01/05/2017 01/05/2017 Book
        School of Civil and Environmental Engineering (SCEE) School of Civil and Environmental Engineering (SCEE)         NIT-2379 01/05/2017 01/05/2017 Book
© 2023 Central Library, National University of Sciences and Technology. All Rights Reserved.